Statistics for Darwin Ethnic Groups

Click here to take the quiz!

General Stats

  • This quiz has been taken 33 times
  • The average score is 30 of 50

Answer Stats

PercentagePopulationAnswer% Correct
32.8%45,000Australian
96%
4%5,500Chinese
96%
28.7%40,000English
92%
0.2%290Russian
92%
2.5%3,500Indian
88%
9.7%15,000Irish
88%
2.3%3,000Italian
88%
0.4%500Japanese
88%
0.3%400American
85%
4.4%6,000German
85%
0.5%750Spanish
85%
1.3%2,000Dutch
81%
1%1,500Indonesian
81%
0.6%800French
77%
2.8%4,000Greek
77%
0.2%220Canadian
73%
0.3%370Korean
73%
0.3%380Malay
73%
7.7%10,000Scottish
73%
0.5%730Portuguese
69%
0.7%1,000Thai
69%
0.8%1,000Vietnamese
69%
4.2%6,000Filipino
65%
1.5%2,000Indigenous
65%
0.9%1,000New Zealander
65%
0.5%630Polish
65%
0.2%240Swedish
65%
0.2%340Danish
62%
0.3%470South African
58%
0.5%750Welsh
58%
0.3%390Bengali
54%
0.2%280Hungarian
50%
0.2%330Pakistani
50%
0.1%190Austrian
46%
0.2%260Croatian
46%
0.2%260Fijian
46%
0.3%360Papuan
46%
0.2%220Swiss
46%
0.2%210Serbian
42%
0.2%230Taiwanese
42%
0.2%250Burmese
38%
0.2%260Khmer
38%
0.5%720Sinhalese
38%
0.7%950Maori
27%
0.8%1,000Nepalese
27%
0.8%1,000Timorese
27%
0.2%300Maltese
19%
0.1%190Sudanese
19%
0.2%230Cypriot
8%
0.2%250Zimbabwean
4%

Score Distribution

Percentile by Number Answered

Percent of People with Each Score

Your Score History

You have not taken this quiz